| 000 | 01670nma a22002657a 4500 | ||
|---|---|---|---|
| 005 | 20210325194940.0 | ||
| 006 | g q || | ||
| 008 | s2547 th tha d | ||
| 041 | _atha | ||
| 090 | _aCD699 | ||
| 100 | 0 | _aสมชาย บูรณะรุ่งเรืองกิจ | |
| 110 | 0 | _aสำนักงานกองทุนสนับสนุนการวิจัย | |
| 245 | 1 | 0 |
_aเส้นทางการท่องเที่ยวภูมิทัศน์เชิงนิเวศกรณีศึกษาทางหลวงแผ่นดินหมายเลข 1096 [CD-ROM]= : _bEcological landcape tourism routes : A case study of highway route 1096 in Chiangmai [CD-ROM] |
| 260 | 3 |
_aกรุงเทพฯ : _bสำนักงานกองทุนสนับสนุนการวิจัย, _c2547 |
|
| 300 | _a1 แผ่นsd., col. | ||
| 610 | _aสำนักงานกองทุนสนับสนุนการวิจัย | ||
| 650 | 0 | 4 | _aไทย (ภาคเหนือ) -- แผนที่ |
| 650 | 0 | 4 | _aไทย (ภาคเหนือ) -- ภูมิประเทศและการท่องเที่ยว |
| 650 | 0 | 4 | _aไทย (ภาคเหนือ) -- ภูมิประเทศและการท่องเที่ยวไทย (ภาคเหนือ) -- แผนที่ |
| 700 | 0 | _aสมชาย บูรณะรุ่งเรืองกิจ | |
| 850 | _aNALT | ||
| 942 | _cCD | ||
| 997 |
_c000000000045782 _kVC |
||
| 998 | _aน.ส.อรอุษา โอภาสมงคลชัย | ||
| 999 |
_c45782 _d45782 |
||